| 000 | 00803nam a2200229 i 4500 | ||
|---|---|---|---|
| 001 | 183393 | ||
| 003 | ES-MaACL | ||
| 005 | 20250815070156.0 | ||
| 008 | 140414s1912 it | |||| ||ita d | ||
| 080 | _a231.52 | ||
| 100 | 0 |
_aCatalina de Siena _cSanta. _937040 |
|
| 245 | 1 | 0 |
_aLibro della divina dottrina _b: volgarmente detto Dialogo della Divina Provvidenza / _cSanta Caterina da Siena ; a cura di Matilde Fiorilli. |
| 250 | _aNuova edizione secondo un inedito codice senese. | ||
| 260 |
_aBari : _bGius. Laterza & Figli, _c1912. |
||
| 300 |
_a474 p. ; _c21 cm. |
||
| 490 | 1 |
_aScrittori d'Italia ; _v34 |
|
| 650 | 0 | 4 |
_aProvidencia divina. _916525 |
| 700 | 1 |
_aFiorilli, Matilde. _9154703 |
|
| 830 | 0 | 0 |
_aScrittori d'Italia _v34 _9191925 |
| 852 |
_aES-MaACL _jG-3735 |
||
| 999 |
_c183393 _d183393 |
||